| 000 | 01139nam a2200337 i 4500 | ||
|---|---|---|---|
| 003 | DO-SdBNP | ||
| 005 | 20260525140152.0 | ||
| 007 | ta | ||
| 008 | 260525b2025 dr ||||| |||| 00| 0 spa d | ||
| 020 | _a9798294883980 (v.1) | ||
| 020 | _a9798292001638 (v.2) | ||
| 040 |
_aDO-SdBNP _bspa _cBNPHU _erda |
||
| 041 | _aspa | ||
| 082 | 4 |
_axxx _bxxx _222 |
|
| 100 |
_aCruz, Pedro A., _eautor _4aut. _989641 |
||
| 245 | 1 | 0 |
_aContra la filosofía / _cPedro Cruz ; prólogo, Alejandro Arvelo |
| 250 | _aprimera edición | ||
| 264 | 4 |
_aSanto Domingo : _bEditor no identificado, _c©2025. |
|
| 300 |
_avolúmenes ; _c23 cm. |
||
| 336 |
_atexto _btxt _2rdacontent |
||
| 337 |
_asin mediación _bn _2rdamedia |
||
| 338 |
_avolumen _bnc _2rdacarrier |
||
| 490 | 0 | _aFilosófia de barrio | |
| 500 | _aIncluye referencias bibliográficas y notas al pie de las páginas | ||
| 504 | _aBibliografía : páginas 172-175 | ||
| 505 |
_av.1-- _tLos prejuicios sociales-- _gv.2-- _tla deconstrucción de los prejuicios |
||
| 590 | _aInventariado, 2026/BT | ||
| 700 | 1 |
_aArvelo, Alejandro, _eprologuista _4pr. _9147 |
|
| 910 | _aBtavárez | ||
| 942 |
_2ddc _cLBS1 |
||
| 999 |
_c60819 _d60819 |
||